Píšeme životopis pro příjímací a výběrová řízení vzory pro všechny druhy zaměstnání

Na minha lista:
Detalhes bibliográficos
Autor principal: Williams, Lynn
Formato: Livro
Idioma:tcheco
Publicado em: Bratislava Computer Press 2003
Assuntos:
Tags: Adicionar Tag
Sem tags, seja o primeiro a adicionar uma tag!

MARC

LEADER 00000nam$a2200000$$$4500
001 0007718
005 20240315114623.6
020 |a 80-7226-903-8 
041 0 |a cze 
044 |a CZ 
245 1 0 |a Píšeme životopis pro příjímací a výběrová řízení  |b vzory pro všechny druhy zaměstnání  |c Lynn Williams 
264 1 |a Bratislava  |b Computer Press  |c 2003 
300 |a 174 s. 
610 2 0 |a životopisy 
610 2 0 |a prijímanie pracovníkov 
610 2 0 |a zamestnanie 
610 2 0 |a zamestnávatelia 
610 2 0 |a osobnosť 
610 2 0 |a výber pracovníkov 
610 2 0 |a schopnosti pracovné 
610 2 0 |a vzdelanie 
100 1 |a Williams, Lynn